The lost gospel Q : the original sayings of Jesus /

Presents the original teachings of Jesus written by his contemporaries and early followers.

Bibliographic Details
Other Authors: Borg, Marcus J., Powelson, Mark, Riegert, Ray, 1947-
Format: Book
Language:English
Published: Berkeley, Calif. : Seastone ; [1999]
Subjects:

MARC

Tag First Indicator Second Indicator Subfields
LEADER 00000cam a2200000 i 4500
001 in00004815813
008 990420r19991996cau b 000 0 eng d
005 20240808153534.2
035 |a (OCoLC)ocm41212972  
040 |a DPB  |b eng  |e rda  |c DPB  |d BAKER  |d BTCTA  |d TSU  |d QT5  |d YDXCP  |d OCLCF  |d OCLCQ  |d OQX  |d OCLCO  |d OCLCQ  |d TXSCH  |d OCLCL 
020 |a 1569751897  |q (pbk.) 
020 |a 9781569751893  |q (pbk.) 
035 |a (OCoLC)41212972 
050 1 4 |a BS2555.2  |b .L66 1999 
082 0 4 |a 226/.066  |2 21 
049 |a MAIN 
245 0 4 |a The lost gospel Q :  |b the original sayings of Jesus /  |c consulting editor, Marcus Borg ; introduction, Thomas Moore ; editors, Mark Powelson, Ray Riegert. 
264 1 |a Berkeley, Calif. :  |b Seastone ;  |c [1999] 
264 2 |a [Place of publication not identified] :  |b Distributed in the U.S.A. by Publishers Group West,  |c [1999] 
264 4 |c ©1999 
300 |a 128 pages ;  |c 19 cm 
336 |a text  |b txt  |2 rdacontent 
337 |a unmediated  |b n  |2 rdamedia 
338 |a volume  |b nc  |2 rdacarrier 
504 |a Includes bibliographical references (pages 124-126). 
500 |a Originally published in hardcover: Berkeley Calif. : Ulysses Press, 1996. 
520 |a Presents the original teachings of Jesus written by his contemporaries and early followers. 
590 |b TAG Physical Holdings 2 
650 0 |a Q hypothesis (Synoptics criticism)  |0 http://id.loc.gov/authorities/subjects/sh85109386 
650 6 |a Document Q (Critique biblique) 
650 7 |a Q hypothesis (Synoptics criticism)  |2 fast  |0 (OCoLC)fst01084793 
650 7 |a Q hypothesis (Synoptics criticism)  |2 sears 
700 1 |a Borg, Marcus J.  |0 http://id.loc.gov/authorities/names/n84009487 
700 1 |a Powelson, Mark.  |0 http://id.loc.gov/authorities/names/n96085761 
700 1 |a Riegert, Ray,  |d 1947-  |1 https://id.oclc.org/worldcat/entity/E39PCjyBjhqPDQmwcgVHKfwqcd  |0 http://id.loc.gov/authorities/names/n79099942 
758 |i has work:  |a The lost gospel Q (Text)  |1 https://id.oclc.org/worldcat/entity/E39PCGx9qckTgqCQfKXJxKVkwy  |4 https://id.oclc.org/worldcat/ontology/hasWork 
938 |a Baker & Taylor  |b BKTY  |c 11.95  |d 8.96  |i 1569751897  |n 0003237194  |s active 
938 |a Baker and Taylor  |b BTCP  |n bl 99004793 
938 |a YBP Library Services  |b YANK  |n 3474764 
994 |a 92  |b TAG 
852 |a TAG  |b TAGC  |c galv,stk  |h BS2555.2 .L66 1999  |t c.1 
876 |c 9.56  |p 33620001020870  |x Acc# 2003-1519  |v unmediated -- volume 
999 f f |s ae79045a-3ff0-487e-bd49-7cf0dd1b726f  |i f77b687e-e9b5-4779-8a9e-ef09b0392b37  |t 0 
952 f f |p normal  |a Texas A&M University  |b Galveston Campus  |c Jack K. Williams Library  |d Galveston Stacks  |t 0  |e BS2555.2 .L66 1999  |h Library of Congress classification  |i unmediated -- volume  |m 33620001020870 
998 f f |a BS2555.2 .L66 1999  |t 0  |l Galveston Stacks